000
00298nam a22001337a 4500
020
_q
PB.
040
_c
FIZZA ISHAQ
082
_a
624.151
_b
TWI
100
_a
WILLION, T.
_9
86378
245
_a
SOIL MECHANICS /
_c
T WILLION.
260
_a
NEW YORK :
_c
1969.
300
_a
553 P. ;
942
_2
ddc
_c
BK
999
_c
587299
_d
587299